pays en C - Statistiques

Statistiques générales
  • Ce quiz a été pris 100 fois
  • Le résultat moyen est 12 sur 18
Statistiques - réponses
pays % Correct
Canada
93%
Chine
88%
Croatie
80%
Cameroun
79%
Colombie
79%
Corée du Nord
79%
Corée du Sud
79%
Chili
73%
Chypre
69%
Cambodge
67%
Congo
63%
Costa Rica
59%
Cuba
59%
Comores
58%
Cap Vert
52%
Côte d’Ivoire
52%
Centrafrique
21%
Curaçao
16%
Aucun quiz correspondant
Distribution des résultats
% des personnes avec chaque résultat
Percentile par nombre de réponses
Votre historique - résultats
Vous n’avez pas pris ce quiz